|
|
|
|
| LEADER |
00000nas a2200000 4500 |
| 001 |
vtls012271290 |
| 003 |
SK-MaSNL |
| 005 |
20260425193949.0 |
| 008 |
250217c20239999xo ar 0 b0slo |
| 040 |
|
|
|a SNK
|b slo
|c SNK
|e rda
|
| 041 |
0 |
|
|a slo
|
| 043 |
|
|
|a e-xo---
|
| 044 |
|
|
|a xo
|c SK
|
| 072 |
|
7 |
|a 502
|x Životné prostredie a jeho ochrana
|2 konspekt
|
| 072 |
|
7 |
|a 338.3/.4
|x Hospodárske a výrobné odvetvia
|2 konspekt
|
| 080 |
|
|
|a 502.131.1:316
|2 2011
|
| 080 |
|
|
|a 502.131.1
|2 2011
|
| 080 |
|
|
|a 502.131.1:33
|2 2011
|
| 080 |
|
|
|a 338:502.131.1
|2 2011
|
| 080 |
|
|
|a (437.6)
|2 2011
|
| 080 |
|
|
|a (058)
|2 2011
|
| 245 |
0 |
0 |
|a Zelená príloha ...
|b špecializovaná príloha mesačníka Stratégie
|
| 264 |
|
1 |
|a [Bratislava]
|b [MAFRA Slovakia, a.s.]
|c 2023-
|
| 300 |
|
|
|c 30 cm
|
| 310 |
|
|
|a 1x ročne
|
| 336 |
|
|
|a text
|b txt
|2 rdacontent
|
| 337 |
|
|
|a bez média
|b n
|2 rdamedia
|
| 338 |
|
|
|a zväzok
|b nc
|2 rdacarrier
|
| 362 |
0 |
|
|a 2023-
|
| 500 |
|
|
|a Názov z obálky
|
| 500 |
|
|
|a Súčasťou názvu je označenie bežného roku
|
| 500 |
|
|
|a Vydavateľské údaje podľa materského dokumentu
|
| 525 |
|
|
|a Je samostatnou prílohou časopisu: Stratégie
|
| 650 |
0 |
7 |
|a udržateľný rozvoj
|2 SNKPH
|9 236336
|
| 650 |
0 |
7 |
|a Sustainable development
|2 SNKPHeng
|9 265066
|
| 650 |
0 |
7 |
|a zelená ekonomika
|2 SNKPH
|9 225568
|
| 650 |
0 |
7 |
|a Green economy
|2 SNKPHeng
|9 215629
|
| 651 |
|
7 |
|a Slovensko
|2 SNKPHgeo
|9 14231
|
| 651 |
|
7 |
|a Slovakia
|2 SNKPHeng
|9 92630
|
| 655 |
|
7 |
|a ročenky
|2 SNKPH
|9 57146
|
| 655 |
|
7 |
|a Yearbooks
|2 SNKPHeng
|9 120938
|
| 772 |
0 |
|
|t Stratégie (Tlačené vydanie)
|x 1335-2016
|w vtls001467591
|
| 999 |
|
|
|c 36
|d 36
|
| 952 |
|
|
|a SNK
|b SNK
|y PREZ
|7 0
|p 17A1525041
|o snkČSB 7867/2023
|i snk2025/2618
|8 0
|0 0
|1 0
|4 0
|d 2025-02-17
|l 0
|r 2026-02-21 21:21:50
|w 2026-02-21
|